| 000 | 00000nam##2200000za#4500 |
| 001 | 9.686378 |
| 003 | CaOODSP |
| 005 | 20210624230517 |
| 007 | cr ||||||||||| |
| 008 | 150407|2002||||xxc|||||o f|0| 0 eng|d |
| 020 | |a0-662-33186-9 |
| 040 | |aCaOODSP|beng |
| 043 | |an-cn--- |
| 086 | 1 |aD82-22/2002E-PDF |
| 110 | 1 |aCanada. |bPublic Safety and Emergency Preparedness Canada. |
| 245 | 10|aBasic rescue skills / |h[electronic resource]|cProduced by Office of Critical Infrastructure Protection and Emergency Preparedness in Consultation with St. John Ambulance ... [et al.] |
| 250 | |aRevised |
| 260 | |aOttawa - Ontario : |bPublic Safety and Emergency Preparedness Canada |c©2002. |
| 300 | |a17p.|billus. (some coloured) |
| 500 | |aThe catalogue number (D82-22/2002E) and ISBN (0-662-33184-2) for the print edition have been incorrectly copied in this PDF edition. |
| 520 | 3 |aThe purpose of this booklet is to provide basic information about rescue work in damaged structures to individuals interested in the subject. |
| 590 | |a07-04|b2007-01-26 |
| 710 | 2 |aSt. John Ambulance. |
| 775 | 08|tLes techniques élémentaires du sauvetage / |w(CaOODSP)9.630849 |
| 776 | 0#|tBasic rescue skills / |w(CaOODSP)9.648706 |
| 856 | 40|ahttp://publications.gc.ca|qPDF|s456 KB|uhttps://publications.gc.ca/collections/Collection/D82-22-2002E.pdf |